[Event "SRB-chT (Women)"]
[Site "Koncarevo"]
[Date "2015.10.24"]
[Round "2"]
[White "Dragojevic, Marija"]
[Black "Vujcic, Milena"]
[Result "1-0"]
[WhiteElo "1907"]
[BlackElo "1750"]
[PlyCount "55"]
[EventDate "2015.10.24"]
[EventType "team-tourn"]
[EventRounds "5"]
[EventCountry "SRB"]
[SourceTitle "EXT 2022"]
[Source "ChessBase"]
[SourceDate "2021.10.06"]
[SourceVersion "1"]
[SourceVersionDate "2021.10.06"]
[SourceQuality "1"]

1. e4 e5 2. Nf3 Nc6 3. d4 exd4 4. Bc4 Nf6 5. 0-0 Nxe4 6. Re1 d5 7. Bxd5 Qxd5 8. Nc3 Qd8 9. Nxe4 Be7 10. Bg5 0-0 11. Bxe7 Nxe7 12. Nxd4 Bd7 13. Qh5 b6 14. Rad1 c5 15. Nf3 Ng6 16. Nfg5 h6 17. Nxf7 Rxf7 18. Qxg6 Qf8 19. Qg3 Bc6 20. h3 Re7 21. Nd6 Rd8 22. Nc4 Rde8 23. Rxe7 Qxe7 24. Ne3 Be4 25. Qg4 Bc6 26. c3 Rd8 27. Rxd8+ Qxd8 28. Qe6+ 1-0

[Event "Belgrade Nedeljkovic Memorial (Women)"]
[Site "Belgrade"]
[Date "2014.05.30"]
[Round "1"]
[White "Rakic, Marija"]
[Black "Dragojevic, Marija"]
[Result "1-0"]
[WhiteElo "2251"]
[BlackElo "1952"]
[PlyCount "77"]
[EventDate "2014.05.30"]
[EventType "tourn"]
[EventRounds "9"]
[EventCountry "SRB"]
[SourceTitle "CBM 160 Extra"]
[Source "ChessBase"]
[SourceDate "2014.07.01"]
[SourceVersion "1"]
[SourceVersionDate "2014.07.01"]
[SourceQuality "1"]

1. d4 g6 2. c4 Bg7 3. e4 d6 4. h3 Nf6 5. Nc3 0-0 6. Be3 Nc6 7. Nf3 e5 8. d5 Ne7 9. Nd2 a6 10. Qc2 Bd7 11. Be2 Rb8 12. c5 Ne8 13. Nc4 f5 14. f3 f4 15. Bf2 b5 16. c6 Bxc6 17. dxc6 bxc4 18. Bxc4+ Kh8 19. Bd5 Nf6 20. 0-0 Qe8 21. Qa4 Nfxd5 22. exd5 Qc8 23. Rab1 Ra8 24. Qa5 Qd8 25. Bh4 h6 26. Bxe7 Qxe7 27. Ne4 g5 28. Qd2 Rab8 29. b4 Rb6 30. Rb3 Rfb8 31. Rfb1 Qf7 32. a4 Bf6 33. Qd3 Kg7 34. Nd2 Rh8 35. b5 axb5 36. Rxb5 Ra6 37. a5 h5 38. Nc4 g4 39. Rb8 1-0

[Event "SRB Central-ch op (Women)"]
[Site "Vrnjacka Banja"]
[Date "2014.03.23"]
[Round "7"]
[White "Dragojevic, Marija"]
[Black "Petrovic, Marija"]
[Result "0-1"]
[WhiteElo "1942"]
[BlackElo "2113"]
[PlyCount "132"]
[EventDate "2014.03.14"]
[EventType "swiss"]
[EventRounds "7"]
[EventCountry "SRB"]
[SourceTitle "CBM 159 Extra"]
[Source "ChessBase"]
[SourceDate "2014.04.24"]
[SourceVersion "1"]
[SourceVersionDate "2014.04.24"]
[SourceQuality "1"]

1. e4 d5 2. exd5 Qxd5 3. Nf3 Qd6 4. d4 Nf6 5. Nc3 a6 6. Bc4 e6 7. a4 Be7 8. 0-0 0-0 9. Ne2 Nbd7 10. c3 c5 11. Bf4 Qc6 12. Bd3 b6 13. Ng3 Bb7 14. Qe2 Rfe8 15. Be5 h6 16. Rfe1 Qc8 17. Nd2 cxd4 18. cxd4 Nxe5 19. dxe5 Nd7 20. Rac1 Qb8 21. Bc2 Nf8 22. Qg4 Rc8 23. Nh5 g6 24. Nf4 Rc5 25. Qe2 Qd8 26. Bb1 Rac8 27. Rxc5 Rxc5 28. Ne4 Rxe5 29. Qc4 b5 30. Qc7 Rf5 31. Qxb7 Rxf4 32. g3 Rf5 33. Rc1 Rd5 34. Ba2 Rd7 35. Qxa6 bxa4 36. Qxa4 Qb8 37. Rb1 Qb6 38. Qc2 Qb4 39. Qe2 Rb7 40. Bc4 Nd7 41. b3 Nb6 42. Rc1 Rc7 43. Qd3 Qa3 44. Rc2 Qa1+ 45. Kg2 Qe5 46. Re2 Qf5 47. Qd4 Nd5 48. Ra2 Bf6 49. Nxf6+ Qxf6 50. Qd2 Kg7 51. Bxd5 Rd7 52. b4 Rxd5 53. Qe2 Qd8 54. Ra7 Rd3 55. Qxe6 Qf8 56. Qe5+ Kg8 57. b5 Rd6 58. Re7 Qa8+ 59. Qe4 Qa2 60. Re8+ Kg7 61. Qe5+ Rf6 62. Qc5 g5 63. b6 Qb3 64. Qf8+ Kg6 65. Qg8+ Kh5 66. Kh3 Qd1 0-1

[Event "SRB Central-ch op (Women)"]
[Site "Vrnjacka Banja"]
[Date "2014.03.17"]
[Round "1"]
[White "Dragojevic, Marija"]
[Black "Maksimovic, Suzana"]
[Result "0-1"]
[WhiteElo "1942"]
[BlackElo "2240"]
[PlyCount "66"]
[EventDate "2014.03.14"]
[EventType "swiss"]
[EventRounds "7"]
[EventCountry "SRB"]
[SourceTitle "CBM 159 Extra"]
[Source "ChessBase"]
[SourceDate "2014.04.24"]
[SourceVersion "1"]
[SourceVersionDate "2014.04.24"]
[SourceQuality "1"]

1. e4 c5 2. Nf3 d6 3. c3 Nf6 4. h3 a6 5. Bd3 b5 6. 0-0 Bb7 7. Re1 e6 8. Bc2 Nc6 9. a3 c4 10. d4 cxd3 11. Bxd3 Ne5 12. Nxe5 dxe5 13. Qe2 Bc5 14. Bxb5+ Nd7 15. Ba4 Qc7 16. Qg4 0-0-0 17. Qe2 Nf6 18. b4 Bb6 19. Bc2 Rhg8 20. c4 Bd4 21. Ra2 g5 22. Be3 g4 23. h4 g3 24. Nd2 gxf2+ 25. Bxf2 Ng4 26. Bxd4 exd4 27. Nf1 Qe7 28. c5 Ne5 29. Bd3 Qxh4 30. Rc1 Qf4 31. Nh2 Qxc1+ 32. Nf1 Qf4 33. Nh2 Qe3+ 0-1

[Event "Belgrade Trophy 27th"]
[Site "Obrenovac"]
[Date "2013.11.24"]
[Round "1"]
[White "Dragojevic, Marija"]
[Black "Sredojevic, Ivan"]
[Result "0-1"]
[WhiteElo "1971"]
[BlackElo "2402"]
[PlyCount "80"]
[EventDate "2013.11.24"]
[EventType "swiss"]
[EventRounds "9"]
[EventCountry "SRB"]
[SourceTitle "CBM 157 Extra"]
[Source "ChessBase"]
[SourceDate "2013.12.19"]
[SourceVersion "1"]
[SourceVersionDate "2013.12.19"]
[SourceQuality "1"]

1. e4 d6 2. d4 Nf6 3. Bd3 g6 4. c3 Bg7 5. Nf3 0-0 6. h3 c5 7. Be3 cxd4 8. cxd4 Nc6 9. Qd2 d5 10. e5 Ne4 11. Bxe4 dxe4 12. Ng5 f6 13. exf6 exf6 14. Nxe4 f5 15. Nec3 f4 16. Bxf4 Nxd4 17. Be3 Qh4 18. Ne2 Nxe2 19. Qxe2 Qb4+ 20. Nd2 Bxb2 21. Rb1 Bf5 22. 0-0 Rac8 23. Ne4 Bxe4 24. Rxb2 Qc3 25. Rd2 Rce8 26. Bd4 Qb4 27. Qd1 Qb5 28. Ba1 Bc6 29. Qc2 Rf3 30. Rd4 Rf7 31. Rg4 Rf5 32. Qc3 Rfe5 33. Qg3 Qxf1+ 34. Kh2 Qxa1 35. Rxg6+ Kf7 36. Rg7+ Ke6 37. Rxh7 Rf5 38. Rh6+ Kd7 39. Qd6+ Kc8 40. f4 Qf1 0-1

[Event "SRB-ch (Women)"]
[Site "Belgrade"]
[Date "2011.04.14"]
[Round "4"]
[White "Benderac, Ana"]
[Black "Dragojevic, Marija"]
[Result "1-0"]
[WhiteElo "2305"]
[BlackElo "1985"]
[PlyCount "75"]
[EventDate "2011.04.11"]
[EventType "tourn"]
[EventRounds "11"]
[EventCountry "SRB"]
[SourceTitle "CBM 141 Extra"]
[Source "ChessBase"]
[SourceDate "2011.05.03"]
[SourceVersion "1"]
[SourceVersionDate "2011.05.03"]
[SourceQuality "1"]

1. d4 Nf6 2. Nc3 g6 3. e4 d6 4. f3 Bg7 5. Bg5 c6 6. Qd2 Nbd7 7. 0-0-0 Qa5 8. Kb1 b5 9. h4 b4 10. Nce2 h6 11. Bf4 Nh5 12. Bh2 Nb6 13. Nc1 Na4 14. Nb3 Qb6 15. e5 dxe5 16. dxe5 Bf8 17. Bc4 Ng7 18. Ne2 Nf5 19. Bg1 Qc7 20. g4 Ng7 21. Qxb4 Nb6 22. Qa5 Ne6 23. Bxb6 Qxb6 24. Ned4 Nxd4 25. Qxb6 axb6 26. Nxd4 Bb7 27. e6 fxe6 28. Nxe6 Rc8 29. h5 g5 30. Bd3 Kf7 31. Nd8+ Rxd8 32. Bg6+ Kf6 33. Rxd8 Bg7 34. Rxh8 Bxh8 35. Be4 Ke5 36. Rd1 Ke6 37. Rd8 Be5 38. Rg8 1-0

[Event "SRB-ch (Women)"]
[Site "Belgrade"]
[Date "2011.04.13"]
[Round "3"]
[White "Eric, Jovana"]
[Black "Dragojevic, Marija"]
[Result "1-0"]
[WhiteElo "2230"]
[BlackElo "1985"]
[PlyCount "29"]
[EventDate "2011.04.11"]
[EventType "tourn"]
[EventRounds "11"]
[EventCountry "SRB"]
[SourceTitle "CBM 141 Extra"]
[Source "ChessBase"]
[SourceDate "2011.05.03"]
[SourceVersion "1"]
[SourceVersionDate "2011.05.03"]
[SourceQuality "1"]

1. e4 c5 2. Nc3 e6 3. Nf3 Nc6 4. g3 Nf6 5. Bg2 Be7 6. d4 Qa5 7. d5 exd5 8. exd5 Nb4 9. d6 Bxd6 10. Qxd6 Nxc2+ 11. Kd1 c4 12. Kxc2 Qf5+ 13. Kd1 Kd8 14. Bf4 Re8 15. Qc7+ 1-0

[Event "SRB-ch (Women)"]
[Site "Belgrade"]
[Date "2011.04.11"]
[Round "1"]
[White "Rakic, Marija"]
[Black "Dragojevic, Marija"]
[Result "1-0"]
[WhiteElo "2309"]
[BlackElo "1985"]
[PlyCount "123"]
[EventDate "2011.04.11"]
[EventType "tourn"]
[EventRounds "11"]
[EventCountry "SRB"]
[SourceTitle "CBM 141 Extra"]
[Source "ChessBase"]
[SourceDate "2011.05.03"]
[SourceVersion "1"]
[SourceVersionDate "2011.05.03"]
[SourceQuality "1"]

1. d4 Nf6 2. c4 g6 3. Nc3 Bg7 4. e4 d6 5. h3 0-0 6. Be3 Nc6 7. Nge2 e5 8. d5 Ne7 9. g4 a6 10. Ng3 Bd7 11. Qd2 Rb8 12. a4 Ne8 13. f3 f6 14. Bd3 c6 15. a5 c5 16. b4 cxb4 17. Nd1 f5 18. Bb6 Qc8 19. Rc1 Nf6 20. exf5 gxf5 21. g5 Ne8 22. c5 e4 23. cxd6 Nc6 24. dxc6 Bxc6 25. d7 Qxd7 26. Bc4+ Kh8 27. Qxd7 Bxd7 28. Nh5 Rc8 29. Nxg7 Kxg7 30. Bd4+ Kg6 31. f4 Nd6 32. h4 Nxc4 33. h5+ Kf7 34. g6+ Kg8 35. h6 Nxa5 36. Rb1 Nc6 37. Ba1 Rfe8 38. Ne3 Ne7 39. gxh7+ Kxh7 40. Kf2 a5 41. Bd4 Rc6 42. Rbg1 Rg8 43. Rg7+ Rxg7 44. hxg7+ Rh6 45. Rc1 Nc6 46. Rg1 Kg8 47. Nd5 b3 48. Nf6+ Rxf6 49. Bxf6 a4 50. Rh1 Ne7 51. Bxe7 Kxg7 52. Bb4 Bc6 53. Ke3 Kf7 54. Ba3 Ke6 55. Kd4 Kf6 56. Rh6+ Kf7 57. Ke3 Bd5 58. Bb2 b5 59. Rf6+ Ke7 60. Rxf5 b4 61. Rxd5 a3 62. Kxe4 1-0

[Event "SRB-chT (Women)"]
[Site "Novi Sad"]
[Date "2010.09.01"]
[Round "10"]
[White "Chelushkina, Irina"]
[Black "Dragojevic, Marija"]
[Result "1/2-1/2"]
[WhiteElo "2333"]
[BlackElo "1986"]
[PlyCount "67"]
[EventDate "2010.08.23"]
[EventType "team-tourn"]
[EventRounds "11"]
[EventCountry "YUG"]
[SourceTitle "CBM 138 Extra"]
[Source "ChessBase"]
[SourceDate "2010.10.29"]
[SourceVersion "1"]
[SourceVersionDate "2010.10.29"]
[SourceQuality "1"]

1. g3 Nf6 2. Bg2 g6 3. e4 d6 4. d4 Bg7 5. Nc3 Nc6 6. d5 Ne5 7. h3 0-0 8. Nge2 c5 9. 0-0 a6 10. a4 Qc7 11. g4 Rb8 12. f4 Ned7 13. Ng3 b5 14. axb5 axb5 15. Nce2 Nb6 16. e5 Ne8 17. Nc3 b4 18. Nce4 dxe5 19. f5 c4 20. Be3 Bb7 21. Nc5 Nd6 22. Ra7 Qd8 23. g5 Ba8 24. Na6 Rb7 25. Rxb7 Bxb7 26. Nxb4 gxf5 27. Nxf5 Nxf5 28. Rxf5 e6 29. Rf2 Nxd5 30. Nxd5 exd5 31. Rd2 d4 32. Bxb7 Qb6 33. Bxd4 exd4 34. Be4 1/2-1/2

[Event "Belgrade Spring op"]
[Site "Belgrade"]
[Date "2010.03.30"]
[Round "7"]
[White "Jovicic, Radosav"]
[Black "Dragojevic, Marija"]
[Result "1-0"]
[WhiteElo "2182"]
[BlackElo "2004"]
[PlyCount "63"]
[EventDate "2010.03.23"]
[EventType "swiss"]
[EventRounds "9"]
[EventCountry "YUG"]
[SourceTitle "CBM 135 Extra"]
[Source "ChessBase"]
[SourceDate "2010.05.04"]
[SourceVersion "1"]
[SourceVersionDate "2010.05.04"]
[SourceQuality "1"]

1. d4 Nf6 2. Nc3 g6 3. e4 d6 4. f4 c6 5. Nf3 Bg7 6. Bd3 Bg4 7. h3 Bxf3 8. Qxf3 0-0 9. Be3 e5 10. dxe5 dxe5 11. f5 Nbd7 12. g4 Re8 13. Bc4 Rf8 14. 0-0 Nb6 15. Bb3 gxf5 16. Qxf5 Qc8 17. Bc5 Qxf5 18. Rxf5 Rfd8 19. Be7 Nfd7 20. Bxf7+ Kh8 21. Bxd8 Rxd8 22. Rd1 Bf8 23. Be6 Bc5+ 24. Kg2 Bd4 25. Ne2 Nf8 26. Bb3 Ng6 27. Kh1 Rd7 28. c3 Be3 29. Rxd7 Nxd7 30. Rf7 Nc5 31. Bc2 a5 32. b4 1-0

[Event "SRB Central-ch (Women)"]
[Site "Vrnjacka Banja"]
[Date "2009.11.13"]
[Round "5"]
[White "Dragojevic, Marija"]
[Black "Urosevic, Marija"]
[Result "1/2-1/2"]
[WhiteElo "1984"]
[BlackElo "2084"]
[PlyCount "35"]
[EventDate "2009.11.09"]
[EventType "tourn"]
[EventRounds "7"]
[EventCountry "YUG"]
[SourceTitle "EXT 2010"]
[Source "ChessBase"]
[SourceDate "2010.11.25"]
[SourceVersion "1"]
[SourceVersionDate "2010.11.25"]
[SourceQuality "1"]

1. e4 c5 2. Nf3 e6 3. c3 Nf6 4. Bd3 d5 5. exd5 exd5 6. h3 Be7 7. 0-0 0-0 8. Bc2 Nc6 9. d4 c4 10. Nbd2 Bd6 11. Re1 Re8 12. Nf1 Rxe1 13. Qxe1 h6 14. Ne3 Be6 15. Nf5 Bc7 16. Be3 Qd7 17. Ng3 Ne7 18. Ne2 1/2-1/2

[Event "SRB Central-ch (Women)"]
[Site "Vrnjacka Banja"]
[Date "2009.11.12"]
[Round "4"]
[White "Petrovic, Marija"]
[Black "Dragojevic, Marija"]
[Result "0-1"]
[WhiteElo "2165"]
[BlackElo "1984"]
[PlyCount "77"]
[EventDate "2009.11.09"]
[EventType "tourn"]
[EventRounds "7"]
[EventCountry "YUG"]
[SourceTitle "EXT 2010"]
[Source "ChessBase"]
[SourceDate "2010.11.25"]
[SourceVersion "1"]
[SourceVersionDate "2010.11.25"]
[SourceQuality "1"]

1. d4 Nf6 2. Nf3 g6 3. c3 Bg7 4. Bf4 0-0 5. h3 d6 6. Qc1 Re8 7. Bh6 Bh8 8. Nbd2 e5 9. dxe5 dxe5 10. e4 c6 11. Qc2 Qc7 12. Bc4 b5 13. Bb3 c5 14. Qc1 Bb7 15. Bc2 c4 16. 0-0 Nbd7 17. Qe1 Nc5 18. Qe3 Nh5 19. b4 Ne6 20. a4 a6 21. Ng5 Nxg5 22. Bxg5 Nf4 23. Bh6 Rad8 24. Nf3 Nd3 25. axb5 axb5 26. Ra7 Qc6 27. Nd2 f5 28. f3 f4 29. Nxc4 fxe3 30. Na5 Qxc3 31. Bb3+ Bd5 32. exd5 Nc1 33. Rxc1 Qxc1+ 34. Kh2 Bf6 35. d6+ Kh8 36. Bf7 Rf8 37. Nb3 Qd1 38. Bxe3 Rxf7 39. Rxf7 0-1